Current Trends in Public Sector Research Proceedings of the 22nd International Conference : Šlapanice, [Czech Republic], 18–19 January 2018
Enregistré dans:
| Collectivités auteurs: | , |
|---|---|
| Autres auteurs: | , , |
| Format: | Livre |
| Langue: | anglais |
| Publié: |
Brno
Masaryk University
2018
|
| Édition: | 1st Edition |
| Sujets: | |
| Tags: |
Pas de tags, Soyez le premier à ajouter un tag!
|
MARC
| LEADER | 00000nlm a2200000 4500 | ||
|---|---|---|---|
| 001 | 0246033 | ||
| 005 | 20240514070111.7 | ||
| 020 | |a 978-80-210-8923-5 | ||
| 020 | |a 978-80-210-8924-2 | ||
| 022 | |a 2336-1239 | ||
| 041 | 0 | |a eng | |
| 044 | |a CZ | ||
| 245 | 1 | 0 | |a Current Trends in Public Sector Research |b Proceedings of the 22nd International Conference : Šlapanice, [Czech Republic], 18–19 January 2018 |c Editors: Petra Dvořáková, Barbora Baisa ; Reviewer: Lenka Slavíková |
| 250 | |a 1st Edition | ||
| 264 | 1 | |a Brno |b Masaryk University |c 2018 | |
| 300 | |a online 391 s. | ||
| 610 | 2 | 0 | |a správa verejná |
| 610 | 2 | 0 | |a sektor verejný |
| 610 | 2 | 0 | |a financie verejné |
| 610 | 2 | 0 | |a služby verejné |
| 610 | 2 | 0 | |a spolupráca regionálna |
| 610 | 2 | 0 | |a rozvoj regionálny |
| 700 | 1 | |a Dvořáková, Petra | |
| 700 | 1 | |a Baisa, Barbora | |
| 700 | 1 | |a Slavíková, Lenka | |
| 110 | 2 | |a Current Trends in Public Sector Research. International Conference | |
| 710 | 2 | |a Ekonomicko-správní fakulta Masarykovy university. Katedra veřejné ekonomie | |